Бойков. Просьба о работе в качестве садовника

Доступно только в Электронных читальных залах Найти на картеНа карте
RUSMARC
00003995nac2a22002773x 450
001b294dfc6-571c-4fa6-8258-2c32f65c35d7
00520211210131522.0
100##$a20211120l1905 k y0rusy50 ca
1010#$arus
102##$aRU
105##$ay z |||||
1220#$ad19051208
2001#$aБойков. Просьба о работе в качестве садовника
$j08 декабря 1905
215##$a1 лист
251##$cДело
300##$aЗаголовок дела на папке: Письмо Бойкова - Звегинцеву Ал. Ив. (Просьба о работе в качестве садовода)
300##$aРукописный текст
330##$aВходит в раздел описи: 1. Письма к А. И. Звегинцову. 3/ Письма имущественно-хозяйственного характера
461#0$1001fc48e33c-c630-4015-85dd-2f2aab656f45
$12001
$aЗвегинцев Александр Иванович, помещик Воронежской губернии, депутат III Государственной думы, член партии "Союз 17 октября"
$1251
$cФонд
$1852
$j932
462#0$1001ddcf82e7-7bd9-4c5e-b7f1-85df8b3febb3
$12001
$aДела постоянного хранения. 1899-1913 гг.
$vД. 441
$1251
$cОпись
$1852
$j1
5171#$aПисьмо Бойкова - Звегинцеву Ал. Ив. (Просьба о работе в качестве садовода)
600#1$aЗвегинцев
$bА. И.
$gАлександр Иванович
600#1$aБойков
801#0$aRU
$bGA_RF
801#1$aRU
$bГлавНИВЦ
$c20211120
$2rusmarc
801#2$aRU
$bПБ им. Б.Н. Ельцина
$c20211210
$gRCR
$2rusmarc
852##$aГА РФ
$j441
937##$d171420338
$hГАРФ
035##$aRuPRLIB51062683
856##$uhttp://readingroom.main.prlib.ru/item.aspx?id_node=n171420338&mode=full
Формат отображения